000 00627nab a2200193 uc4500
001 526357
005 20250312091332.0
008 990826e19990701 spa
035 _a526357
035 _a(OCoLC)819807225
040 _ccomduadb
041 _aspa
245 1 0 _aPropuesta para todos los gustos: pocas en contra de la reforma
650 _aSistemas de salud - Colombia
_949344
650 _aReforma a la seguridad social
_927719
651 7 _aColombia
_2embne
_9870547
773 0 _tVía Salud : Gestión, Calidad y Logros (Bogotá)
_gNo. 09, Jul. 1999, p. 34-37
_w364005
_x0123-1782
_0108567
942 _cARIMP
999 _c123748
_d123748